Ktoré príjmy patria medzi príjmy zo závislej činnosti a funkčné požitky a ktoré nie?

Príjmy za prácu, príjmy spoločníkov s.r.o., samostatne zárobkovo činných osôb, príjmy zo sprostredkovania, znalcov, tlmočníkov, športovcov a i. a ich vzťah k príjmom zo závislej činnosti.

Gespeichert in:
Bibliographische Detailangaben
1. Verfasser: Piršelová, Dagmar
Format: Buchkapitel
Sprache:Slowakisch
Schlagworte:
Tags: Tag hinzufügen
Keine Tags, Fügen Sie das erste Tag hinzu!

MARC

LEADER 00000naa a2200000 4500
001 r027998
005 20230912112140.8
041 0 |a slo 
044 |a SK 
245 1 0 |a Ktoré príjmy patria medzi príjmy zo závislej činnosti a funkčné požitky a ktoré nie?  |c Dagmar Piršelová 
520 |a Príjmy za prácu, príjmy spoločníkov s.r.o., samostatne zárobkovo činných osôb, príjmy zo sprostredkovania, znalcov, tlmočníkov, športovcov a i. a ich vzťah k príjmom zo závislej činnosti. 
610 2 0 |a príjmy 
610 2 0 |a tlmočníci 
610 2 0 |a znalci 
610 2 0 |a zdaňovanie 
610 2 0 |a dane z príjmov 
610 2 0 |a osoby fyzické 
610 2 0 |a zamestnanci 
610 2 0 |a požitky 
100 1 |a Piršelová, Dagmar